|
|
|
|
| LEADER |
00000nab a2200000 a 4500 |
| 001 |
vtls000548660 |
| 003 |
SK-MaSNL |
| 005 |
20260304101206.0 |
| 008 |
250426c1995 xo 0 slo |
| 015 |
|
|
|a SNBRB19rr/mm-uuuuu
|
| 035 |
|
|
|a CL0548798
|
| 035 |
|
|
|a urn:nbn:sk:snk-ab6k1r
|
| 035 |
|
|
|a (uuid)c498476c-14d8-44c0-a82c-d6ee98535dc8
|
| 035 |
|
|
|a (urnnbn)urn:nbn:sk:snk:ar-0051mf
|
| 040 |
|
|
|a SNKBUCL
|b slo
|c SNKBUCL
|e AACR2
|
| 041 |
0 |
|
|a slo
|
| 044 |
|
|
|a xo
|c SK
|
| 080 |
|
|
|a 027.53(437.654):021.63:061.25
|2 1981
|
| 080 |
|
|
|a 021.63:061.25
|2 1981
|
| 100 |
1 |
|
|a Husárová, Anna
|4 aut
|9 300795
|
| 245 |
1 |
0 |
|a Pracovné stretnutie knihovníkov
|c Anna Husárová
|
| 610 |
2 |
7 |
|a Okresná knižnica (Prievidza, Slovensko)
|2 snkbucl
|9 74591
|
| 650 |
0 |
7 |
|a regionálne knižnice
|2 snkbucl
|9 79412
|
| 650 |
0 |
7 |
|a Kooperačné združenie knižníc
|2 snkbucl
|9 1114622
|
| 655 |
|
7 |
|a články z novín a časopisov
|2 snkbucl
|9 267496
|
| 655 |
|
7 |
|a články z odboru knihovníctvo
|2 snkbucl
|9 166141
|
| 773 |
0 |
|
|t Knižnice a informácie
|g Roč. 27, č. 4 (1995), s. 192
|x 1210-096X
|
| 850 |
|
|
|a Slovenská národná knižnica
|
| 852 |
|
|
|a Slovenská národná knižnica
|
| 954 |
|
|
|a odborná, vedecká literatúra pôvodná (slovenská)
|2 lita
|
| 957 |
|
|
|a 5308
|
| 958 |
|
|
|a article2022
|
| 958 |
|
|
|a RK
|
| 958 |
|
|
|a KL
|
| 958 |
|
|
|a SK
|
| 958 |
|
|
|a OND
|
| 958 |
|
|
|a EUIPO
|
| 992 |
|
|
|a RBX
|
| 999 |
|
|
|c 2840998
|d 2842928
|